Responses for Primetime Celebrity Jeopardy! game #12 - Thursday, January 26, 2023

2022-2023 Primetime Celebrity Jeopardy! semifinal game 3.

Contestants

[<< previous game]

Michael Cera, an actor from Brampton, Canada

Brendan Hunt, an actor from Chicago, Illinois

Patton Oswalt, a Grammy- and Emmy-award-winning comedian from Portsmouth, Virginia

[next game >>]

Jeopardy! Round responses

PSYCHOLOGY
POP MUSIC
ALL THINGS IRISH
"G"EOGRAPHY
(Mayim: Responses begin with "G".)
4-LETTER ADJECTIVES
THE MUSEUM OF FAILURE
(Mayim: A traveling exhibit of innovations that didn't work, with quotes from their website.)
    $100 26
a complex

Brendan
    $100 11
"Single Ladies"

Brendan
    $100 6
a potato

Patton
    $100 16
the Grand Canyon

Patton
    $100 21
rare

Michael
    $100 1
Coke (Coca-Cola)

Brendan
    $200 27
kleptomania

Michael
    $200 12
(Patton: We're old.)
(Mayim: I'm glad we were all enjoying it, we're all groovin' along to it.)

"Sunroof"

Triple Stumper
    $300 7
Limerick

Patton
    $200 17
Greenland

Brendan
    $200 22
ajar

Patton
    $200 2
Polaroid

Patton
    $300 28
narcissism (or narcissistic personality disorder)

Michael
    $300 13
(Mayim: Yeah, see, we old people can get things right in the POP MUSIC category.)

The Go-Go's

Patton
    $300 8
Pierce Brosnan

Brendan
    $300 18
Greece

Brendan
    $300 23
posh

Michael
    $300 3
Google

Brendan
    $400 29
(Michael: Um... oh! [Gives up])
(Mayim: That's time.)

introvert & extrovert

PattonMichael
    $400 14
(Brendan: Who is Bad Bunny?)

Camila Cabello

Brendan
Triple Stumper
    $400 9
leprechaun

Brendan
    $400 19
Gibraltar

Patton
    $400 24
dewy

Patton
    $400 4
[Reading the clue cracks Mayim up.]

Gerber

Michael
    $500 30
Freud & Jung

Michael
    $500 15
(Mayim: Let's take a little break. Brendan is providing the correct response to the clue he's "lasso"d off the board...)

Sia

Patton
    $500 10
(the) Blarney (Stone)

Brendan
    $500 20
Guatemala

Brendan
    $500 25
zany

Brendan
    $500 5
DeLorean

Brendan

Scores at the first commercial break (after clue 15):

Patton Brendan Michael
$1,400 $1,800 $400

Scores at the end of the Jeopardy! Round:

Patton Brendan Michael
$2,900 $3,400 $1,400

Double Jeopardy! Round responses

FAMOUS AMERICAN QUOTES
CHARACTER/ACTOR
BESTSELLERS
WHAT AN ANIMAL!
____ & ____
REAL ESTATES
    $200 11
P.T. Barnum

Brendan
    $200 1
Jack Sparrow

Brendan
    $200 16
Garp

Patton
    $200 21
a leopard

Brendan
    $200 6
(Michael: What is a bait and switch?)

kiss & tell

Michael
Triple Stumper
    $200 26
the White House

Michael
    $400 12
(Michael: What is money?)

greed

PattonMichael
    $400 2
Audrey Hepburn

Brendan
    $400 17
her groove

Michael
    $400 22
a giraffe

Michael
    $400 7
chapter & verse

Brendan
    $3,800 27
Graceland

Michael
    $600 13
Mae West

Brendan
    $600 3
Viola Davis

Brendan
    $600 18
(Ruth Bader) Ginsburg

Patton
    $600 23
a dolphin

Brendan
    $600 8
null & void

Brendan
    $600 28
Downton Abbey

Patton
    $800 14
lingerie

Patton
    $800 4
Tootsie

Brendan
    $800 19
The Fault in Our Stars

Brendan
    $800 24
chimpanzees

Brendan
    $800 9
(Patton: [*]? ...What are [*]?)
(Mayim: [Overlapping] Your phrasing.)
[Patton looks to the judges.]
(Mayim: That's correct.)
(Patton: [Relieved] Oh, God.)

waxing & waning

Patton
    $800 29
Buckingham Palace

Brendan
    $2,400 15
Michelle Obama

Patton
    $1000 5
(Mayim: Yes. Ran that category.)
[Applause]
(Michael: Nice.)
(Patton: Nice. Nice!)

No Country for Old Men

Brendan
    $1000 20
Tyson

Michael
    $1000 25
a penguin

Brendan
    $1000 10
ebb & flow

Michael
    $1000 30
the Winchester (Mystery) House

Michael

Scores at the Double Jeopardy! Round commercial break (after clue 15):

Patton Brendan Michael
$7,300 $8,200 $1,800

Scores at the end of the Double Jeopardy! Round:

Patton Brendan Michael
$8,700 $12,400 $8,600

Triple Jeopardy! Round

IT GROWS ON TREES
U.S. GOVERNMENT
A SIGN OF SHAME
UNDER STUDY
WORLD HISTORY
THE GOLDEN STATE WARRIORS
(Amy Schneider: I'm Jeopardy! superchamp and reigning Tournament of Champions winner Amy Schneider with clues about my team, the NBA champion Golden State Warriors.)
    $300 1
cinnamon

Patton
    $300 6
the Electoral College

Patton
    $300 21
the penalty box

Brendan
    $300 26
(Michael: What are plants?)

insects

PattonMichael
    $300 16
Iran

Brendan
    $300 11
Steph Curry

Brendan
    $600 2
a palm

Patton
    $600 7
marijuana

Michael
    $600 22
the swear jar

Brendan
    $600 27
astrology

Michael
    $600 17
(Michael: Who is the pharaoh?)

Tutankhamun (King Tut)

PattonMichael
    $600 12
the (Cleveland) Cavaliers

Brendan
    $900 3
a pomegranate

Michael
    $900 8
(Michael: What is the speaker of the House?)

the vice president

BrendanMichael
    $900 23
dunce

Michael
    $900 28
geology

Brendan
    $900 18
Joan of Arc

Brendan
    $900 13
the Boston Celtics

Brendan
    $1200 4
cypress

Triple Stumper
    $1200 9
(Mayim: Hate it when that happens.)
(Brendan: [Mimicking a gruff voice] We've all been there, Rex, you'll--you'll get back on the horse.)

secretary of state

Brendan
    $1200 24
a dishonorable discharge

Brendan
    $5,000 29
(Mayim: We did come to see the action, Brendan, but no pressure!)

meteorology

Brendan
    $1200 19
Attila

Michael
    $1200 14
Kevin Durant

Brendan
    $1500 5
kudzu

Patton
    $1500 10
(Patton: What is gerrymandering?)

redistricting

Patton
Triple Stumper
    $3,000 25
(Mayim: All right. You've got $22,300. Michael's right behind you with $20,500.)
(Brendan: I see him!)
(Mayim: Okay. All right. I gotcha. Brendan, what are you going to wager?)
(Brendan: Uh... uh... well, I lack Michael's courage, first of all. Um, but let's do fifteen.)
(Mayim: Fifteen...?)
(Brendan: Hundred. Oh, I see. No, I see. That's lame. Because of the thing. I get it. Oh, sure.
People came to see the action! Um... Uh, $3,000.)

The Scarlet Letter

Brendan
    $1500 30
the kidneys

Patton
    $9,800 20
(Mayim: [Double-checking] You're going to do it all?)
(Michael: I mean...)
(Mayim: Okay--why not?)
(Michael: Yeah.)
(Mayim: Here we go.)
(Michael: Against myself. I can bet against myself, right?)

Ming

Michael
    $1500 15
(Mayim: That is correct, and you just ran the category.)
[Applause]

Wilt Chamberlain

Brendan

Scores at the end of the Triple Jeopardy! Round:

Patton Brendan Michael
$12,300 $31,200 $20,800

[wagering suggestions for these scores]

Final Jeopardy! Round responses

NOVELS
(Mayim: Margaret Atwood's novel in which a theocratic regime has taken over what used to be the U.S. in response to a fertility crisis.)
PattonWhat is The Handmaid's Tale
$12,300
MichaelWhat Seabiscuit :(
$20,800
BrendanWhat is heartburn?
$10,500
The Handmaid's Tale

Final scores:

Patton Brendan Michael
$24,600 $20,700 $0
Winner: finalist 2nd place: $50,000 to Soccer Without Borders 3rd place: $50,000 to Saving Mothers

Game dynamics:

Coryat scores:

Patton Brendan Michael
$10,800 $25,900 $9,100
24 R
(including 2 DDs),
1 W
42 R
(including 2 DDs),
1 W
19 R
(including 2 DDs),
6 W

Combined Coryat: $45,800

[game clues] [game scores] [suggest correction]

Game tape date: 2022-11-06
The J! Archive is created by fans, for fans. Scraping, republication, monetization, and malicious use prohibited; this site may use cookies and collect identifying information. See terms. The Jeopardy! game show and all elements thereof, including but not limited to copyright and trademark thereto, are the property of Jeopardy Productions, Inc. and are protected under law. This website is not affiliated with, sponsored by, or operated by Jeopardy Productions, Inc. Join the discussion at JBoard.tv.